Power System Analysis (Record no. 5795)

MARC details
000 -LEADER
fixed length control field 00388nam a22001697a 4500
005 - DATE AND TIME OF LATEST TRANSACTION
control field 20190330120234.0
008 - FIXED-LENGTH DATA ELEMENTS--GENERAL INFORMATION
fixed length control field 190330b xxu||||| |||| 00| 0 eng d
020 ## - INTERNATIONAL STANDARD BOOK NUMBER
ISBN 9789386819932
041 ## - LANGUAGE CODE
Language code of text/sound track or separate title eng
082 ## - DEWEY DECIMAL CLASSIFICATION NUMBER
Classification number 621.31
100 ## - MAIN ENTRY--AUTHOR NAME
Personal name Murthy,P S R
245 ## - TITLE STATEMENT
Title Power System Analysis
250 ## - EDITION STATEMENT
Edition statement 3rd
260 ## - PUBLICATION, DISTRIBUTION, ETC. (IMPRINT)
Place of publication Hyderabad
Name of publisher BS Publication
Year of publication 2019
300 ## - PHYSICAL DESCRIPTION
Number of Pages 422
942 ## - ADDED ENTRY ELEMENTS (KOHA)
Koha item type Books
Holdings
Lost status Damaged status Home library Current library Shelving location Date acquired Source of acquisition Cost, normal purchase price Full call number Accession Number Koha item type Collection code
    JRU Library   SHELF-7-E 30/03/2019 Purchase 495.00 621.31 23062 Books  
    JRU Library JRU Library SHELF-100-A 30/03/2019 Purchase 495.00 621.31 23063 Books MINING
    JRU Library   SHELF-72-C 30/03/2019 Purchase 495.00 621.31 23064 Books Reference